LEADER 03528 am 2200517 n 450 001 9910629400103321 005 20210709 010 $a2-7351-2606-4 024 7 $a10.4000/books.editionsmsh.42155 035 $a(CKB)4100000012898234 035 $a(FrMaCLE)OB-editionsmsh-42155 035 $a(oapen)https://directory.doabooks.org/handle/20.500.12854/95056 035 $a(PPN)266362680 035 $a(EXLCZ)994100000012898234 100 $a20221123j|||||||| ||| 0 101 0 $afre 135 $auu||||||m|||| 181 $ctxt$2rdacontent 182 $cc$2rdamedia 183 $acr$2rdacarrier 200 10$aBibracte, bibliographie et plans anciens /$fJean-Paul Guillaumet 210 $aParis $cÉditions de la Maison des sciences de l?homme$d2021 215 $a1 online resource (170 p.) 225 1 $aDocuments d?archéologie française 311 $a2-7351-0632-2 330 $aCe volume présente plus de 400 notices bibliographiques commentées d?ouvrages parus entre 1840 et 1991 ainsi que 70 plans et relevés manuscrits réalisés entre 1627 et 1914. La première partie, consacrée à la bibliographie, s?articule en trois chapitres : le premier, le plus important, rassemble les ouvrages ayant trait aux fouilles proprement dites ; le deuxième concerne la polémique à propos de l?emplacement de Bibracte dans le territoire éduen de 1841 à 1988 ; le troisième regroupe les guides, les comptes rendus d?excursions et de manifestations et les ouvrages généraux. La deuxième partie rassemble les plans, synthèse d?une centaine de versions originales manuscrites difficilement lisibles et non reproductibles en raison de leur mauvais état de conservation. L?ensemble de ces documents, dont certains sont peu connus ou inédits, fait de cet ouvrage un précieux outil de travail pour tous ceux qui s?intéressent à la fin de la civilisation celtique et au début de la romanisation. This volume presents over 400 descriptive bibliograpbical notices of articles publisbed betiveen 1840 and 1991 as well as the manuscripts of 70 plans and surveys carried ont betiveen 1627 and 1914. The first part, devoted to the bibliography, is organised into three cbapters : the first and most important brings together titles baving a direct relationship with excavations ; the second concems the polemic, debated betiveen 1841 and 1988, surrounding the position of Bibracte within the Eduen territory ; the third regroups guides, notes on excursions, meetings and general publications. Tbe second part of the volume brings together plans, a synthesis of several hundred manuscripts for which the originals are difficult to read and reproduce due to their bad State of conservation. These documents, of whicb certain are little known or unpublished, make this volume a precious working tool for all those who are interested in questions related to late Celtic civilisation and the beginning of? 606 $aArchaeology 606 $ahistoriographie 606 $aarchive 606 $aMont-Beuvray 606 $a1627-1991 610 $ahistoriographie 610 $aarchive 610 $aMont-Beuvray 610 $a1627-1991 615 4$aArchaeology 615 4$ahistoriographie 615 4$aarchive 615 4$aMont-Beuvray 615 4$a1627-1991 700 $aGuillaumet$b Jean-Paul$01292906 801 0$bFR-FrMaCLE 906 $aBOOK 912 $a9910629400103321 996 $aBibracte, bibliographie et plans anciens$93087521 997 $aUNINA LEADER 05442nam 2200685 450 001 9910825968803321 005 20200520144314.0 010 $a1-119-10782-2 010 $a1-119-11462-4 035 $a(CKB)2670000000610035 035 $a(EBL)2028594 035 $a(SSID)ssj0001460082 035 $a(PQKBManifestationID)11820861 035 $a(PQKBTitleCode)TC0001460082 035 $a(PQKBWorkID)11464736 035 $a(PQKB)11209235 035 $a(MiAaPQ)EBC2028594 035 $a(DLC) 2015011534 035 $a(Au-PeEL)EBL2028594 035 $a(CaPaEBR)ebr11048233 035 $a(CaONFJC)MIL770267 035 $a(OCoLC)908074258 035 $a(EXLCZ)992670000000610035 100 $a20150509h20152015 uy 0 101 0 $aeng 135 $aur|n|---||||| 181 $ctxt 182 $cc 183 $acr 200 10$aStudy on the auditing theory of socialism with Chinese characteristics /$fJiayi Liu 205 $aRevised edition. 210 1$aHoboken, New Jersey :$cWiley,$d2015. 210 4$d©2015 215 $a1 online resource (321 p.) 225 1 $aWiley Corporate F&A 300 $aDescription based upon print version of record. 311 $a1-119-10786-5 311 $a1-119-10781-4 320 $aIncludes bibliographical references at the end of each chapters and index. 327 $aStudy on the Auditing Theory of Socialism with Chinese Characteristics; Contents; Prologue; Acknowledgments; Chapter 1 The Nature of Auditing; I. Several Viewpoints on the Nature of Auditing; (1) Theory of Accounts Checking; (2) Economic Supervision Theory; (3) Economic Cybernetics; (4) Power Restriction Theory; (5) Theory of Democracy and Rule of Law; II. Understanding the Nature of Government Auditing from the Perspective of National Governance; (1) Government Auditing Improved to Meet National Governance Needs; (2) Government Auditing as an "Immune System" for National Governance 327 $a(3) Government Auditing Is a Cornerstone and Important Assurance of National GovernanceIII. Evolution of Government Auditing for National Governance; (1) Evolution of Chinese Ancient and Modern Government Auditing; (2) Government Audit System in the Period of Revolutionary War under the Leadership of the CPC; (3) Establishment and Development of Government Audit Systems after the Founding of the PRC; IV. Core View of the Nature of Auditing from the National Governance Perspective; Bibliography; Notes; Chapter 2 Audit Function; I. General Cognition of the Government Audit Function 327 $aII. "Immune System" Function of Government AuditingIII. Connotation of Audit "Immune System" Function; (1) Prevention Function; (2) The Exposure Function; (3) The Resistance Function; IV. Relationship among the Three Major Functions of the Audit Immune System; V. Specific Embodiment of the Government Audit Function; Bibliography; Notes; Chapter 3 Research on the Government Audit Objective; I. Concept of Government Audit Objectives; (1) Connotation of Government Audit Objectives; (2) Features of Government Audit Objectives; (3) Main Factors Affecting Audit Objectives 327 $aII. Fundamental Objective of Government AuditingIII. Realistic Objective of Government Auditing; (1) Promoting the Rule of Law; (2) Maintaining People's Livelihood; (3) Promoting Reform; (4) Promoting Development; IV. Primary Task of Government Auditing at the Present Stage; (1) Maintaining Fiscal Security; (2) Maintaining Financial Security; (3) Maintaining the Security of State?Owned Assets; (4) Maintaining the Security of the People's Livelihood; (5) Maintaining Security of Resources and Environment; (6) Maintaining Information Security 327 $aV. Focus of Government Audit Work at the Present StageBibliography; Notes; Chapter 4 Research on the Features of Government Auditing; I. General Features of Government Auditing; (1) Legality; (2) Independence; (3) Professionalization; (4) Comprehensiveness; II. Operating Features of Government Auditing; (1) Based on Constructive Essence and a Critical Approach; (2) Based on Serving and Adhering to Supervision; (3) Based on the Overall Situation, and Adhering to Detecting and Solving Problems from a Microperspective; (4) Based on Initiative and Adhering to Adaptation 327 $a(5) Based on Openness and Adhering to Independence 330 $a A comprehensive guide to China's public, private, and internal audit system Study on the Auditing Theory of Socialism with Chinese Characteristics provides a comprehensive overview of China's auditing practices. Recent years have seen the National Audit Office of China (CNAO) making remarkable headway not only in China by guaranteeing the healthy operation of the economy and society and improving national governance through government auditing, but also in the international arena by carrying out audits with the United Nations. With constant development in the practice, an audit theory with 410 0$aWiley corporate F & A. 606 $aAuditing$zChina 606 $aAuditing, Internal$zChina 615 0$aAuditing 615 0$aAuditing, Internal 676 $a657/.450951 700 $aLiu$b Jiayi$f1956-$01593338 801 0$bMiAaPQ 801 1$bMiAaPQ 801 2$bMiAaPQ 906 $aBOOK 912 $a9910825968803321 996 $aStudy on the auditing theory of socialism with Chinese characteristics$93913421 997 $aUNINA